<?xml version="1.0" encoding="UTF-8"?><?xml-stylesheet type="text/xsl" href="static/style.xsl"?><OAI-PMH xmlns="http://www.openarchives.org/OAI/2.0/" xmlns:xsi="http://www.w3.org/2001/XMLSchema-instance" xsi:schemaLocation="http://www.openarchives.org/OAI/2.0/ http://www.openarchives.org/OAI/2.0/OAI-PMH.xsd"><responseDate>2026-06-29T09:31:31Z</responseDate><request verb="GetRecord" identifier="oai:docta.ucm.es:20.500.14352/45854" metadataPrefix="marc">https://docta.ucm.es/rest/oai/request</request><GetRecord><record><header><identifier>oai:docta.ucm.es:20.500.14352/45854</identifier><datestamp>2023-07-05T01:52:07Z</datestamp><setSpec>com_20.500.14352_14</setSpec><setSpec>col_20.500.14352_20</setSpec></header><metadata><record xmlns="http://www.loc.gov/MARC21/slim" xmlns:dcterms="http://purl.org/dc/terms/" xmlns:xsi="http://www.w3.org/2001/XMLSchema-instance" xmlns:doc="http://www.lyncode.com/xoai" xsi:schemaLocation="http://www.loc.gov/MARC21/slim http://www.loc.gov/standards/marcxml/schema/MARC21slim.xsd">
   <leader>00925njm 22002777a 4500</leader>
   <datafield ind2=" " ind1=" " tag="042">
      <subfield code="a">dc</subfield>
   </datafield>
   <datafield ind2=" " ind1=" " tag="720">
      <subfield code="a">Perandones Serrano, Eva</subfield>
      <subfield code="e">author</subfield>
   </datafield>
   <datafield ind2=" " ind1=" " tag="260">
      <subfield code="c">2010-11-25</subfield>
   </datafield>
   <datafield ind2=" " ind1=" " tag="520">
      <subfield code="a">Las siguientes líneas son una aproximación a videojuegos que, aunque con objetivos diferentes, persiguen como fin algún tipo de beneficio o información sobre la salud de las personas1. Dentro de la distinción entre hardware y software presentaremos diferentes ejemplos, según la finalidad del producto y analizando su relación con la salud. Al ser este un campo relativamente nuevo y todavía joven, la mayoría de los ejemplos que aquí presentamos estarán relacionados con investigaciones serias recientes, muchas de ellas en curso actualmente. [ABSTRACT]The following text is an approximation to videogames with different objectives. But all of them pursue some type of benefit or information about health of the people. We’ll
explain the difference between hardware and software. We'll present some examples depending purposes and functions of the product and we'll analyze its relation with health. This field is quite new and is still young. Because of this, many of the examples that we expose here, are the result of recent research, and many of these are in process.</subfield>
   </datafield>
   <datafield ind1="8" ind2=" " tag="024">
      <subfield code="a">https://hdl.handle.net/20.500.14352/45854</subfield>
   </datafield>
   <datafield ind1="8" ind2=" " tag="024">
      <subfield code="a">http://evaperandones.com/publicaciones.html</subfield>
   </datafield>
   <datafield ind2="0" ind1="0" tag="245">
      <subfield code="a">Videojuegos para la Salud</subfield>
   </datafield>
</record></metadata></record></GetRecord></OAI-PMH>